000 00499 a2200157 4500
005 20250610133750.0
020 _a978-0-367-27515-0
082 _a389.152 PRA
245 _aCharacterization, Testing, Measurement and Metrology
250 _a7th Ed
260 _aLondon,
_bCRC Press,
_c2021.
300 _axii, 192p.: ill.; figure, table
_bReferences & Index
_c24cm.
700 _aPRAKASH, C. & SINGH, S. & DAVIM, J. P.
856 _yAccess Online Book
_fMetrology
_dwww.routledge.com
942 _2ddc
_cBKS
999 _c3624
_d3624